000 00642nam a22002057a 4500
003 BD-ChCU
005 20230305140052.0
008 230305b ii ||||| |||| 00| 0 eng d
020 _a9781259004599
040 _cBD-ChCU
082 _222
_a537
_bM214e
100 _9317
_aMahajan,Shobhit
245 _aElectricity magnetism and electromagnetic theory /
_cShobhit Mahajan and S. Rai Choudhury.
260 _aNew Delhi :
_bTata Mcgraw-Hill,
_cc2012.
300 _a589 P. :
504 _aIncludes bibliographical references and index
650 0 _9319
_aElectricity, Electricity.
700 _9320
_aChoudhury, S.Rai.
942 _2ddc
_cBK
_n0
999 _c101655
_d101655